Normal view
MARC view
- Pietrzyk, Michael C.
Entry Personal Name
001 - CONTROL NUMBER
- control field: 22009
003 - CONTROL NUMBER IDENTIFIER
- control field: NUST
005 - DATE AND TIME OF LATEST TRANSACTION
- control field: 20190930113616.0
008 - FIXED-LENGTH DATA ELEMENTS
- fixed length control field: 190930|| aca||aabn | a|a d
040 ## - CATALOGING SOURCE
- Original cataloging agency: NUST
- Transcribing agency: NUST
100 ## - HEADING--PERSONAL NAME
- Personal name: Pietrzyk, Michael C.
670 ## - SOURCE DATA FOUND
- Source citation: Work cat.: (NUST)0: Pietrzyk, Michael C., Electronic Toll and Traffic Management (ETTM) systems /, 1993.
